Statistiques concernant Générique Les Chevaliers du Zodiaque - Paroles

Cliquez ici pour prendre le quiz!

Statistiques générales

  • Ce quiz a été pris 71 fois
  • Le résultat moyen est 10 sur 12

Statistiques - réponses

Paroles% Correct
Quand triomphe le {mal}
97%
Des quatre coins de {l}'{univers}
96%
Les {Chevaliers} {du} {Zodiaque}
96%
Les {Chevaliers} {du} {Zodiaque}
94%
Sans hésiter, ils partent {en} {guerre}
87%
S'en vont toujours {à} {l}'{attaque}
85%
C'est la chanson {des} {héros}
76%
Gardent toujours au fond {de} {leur} {coeur}
76%
Contre les forces {démoniaques}
72%
Le courage des {vainqueurs}
72%
En chantant une chanson {bien} {haut}
71%
Pour un {monde} {idéal}
68%

Distribution des résultats

Percentile par nombre de réponses

% des personnes avec chaque résultat

Votre développement - résultats

Vous n’avez pas pris ce quiz